000 00170nam a22000977a 4500
020 _a034022164X
082 _a080
_bTAY/R
245 _aRAILWAYS
650 _aGK
942 _cBK
999 _c6367
_d6367